00301cam a22001097a 4500008004000000082001800040100001600058245005000074260002700124300001000151650003000161180718b1989 xxu||||| |||| 00| 0 eng d aT000x54 G959s aGupat, S.C. aSociology of planning in Indiacby S.C. Gupta aNew DelhibCrownc1989 a187p. aEconomic planning - India